| 000 | 01211nam a2200313 a 4500 | ||
|---|---|---|---|
| 999 |
_c129108 _d129108 |
||
| 001 | 3744308 | ||
| 003 | ARRUPE | ||
| 005 | 20190305094914.0 | ||
| 008 | 881107s1977 pl ac b 001 0 pol | ||
| 010 | _a 81210680 | ||
| 040 |
_aDLC _cDLC _dDLC |
||
| 041 | 0 |
_apol _beng |
|
| 043 |
_af-za--- _ae-pl--- |
||
| 050 | 0 | 0 |
_aBV3747.Z3 _bG895 1977 |
| 100 | 1 |
_aGrzebień, Ludwik. _944933 |
|
| 245 | 1 | 0 |
_aWśród ludu Zambii / _cLudwik Grzebień. |
| 250 | _aWyd. 1. | ||
| 260 |
_aKraków : _bWydawn. Apostolstwa Modlitwy, _c1977. |
||
| 300 |
_a2 v. : _bill., ports. ; _c24 cm. |
||
| 500 | _aVol. 2 has summary in English. | ||
| 500 | _aIncludes indexes. | ||
| 504 | _aBibliography: v. 1, p. 365-370. | ||
| 505 | 0 | _a1. Pionierski trud misjonarzy słowianskich, 1881-1969 / Ludwik Grzebień -- 2. Listy z misyjnego frontu / Adam Kozłowiecki. | |
| 610 | 2 | 0 |
_aCatholic Church _xMissions _zZambia _xHistory. _944934 |
| 650 | 0 |
_aJesuits in Zambia _xHistory. _911147 |
|
| 700 | 1 | 2 |
_aGrzebień, Ludwik. _tPionierski trud misjonarzy słowiańskich, 1881-1969. _f1977. _944935 |
| 700 | 1 | 2 |
_aKozłowiecki, Adam. _tListy z misyjnego frontu. _f1977. _944936 |
| 906 |
_a7 _bcbc _corignew _d4 _encip _f19 _gy-gencatlg |
||
| 942 |
_2lcc _cMONOGRAPH |
||